| 000 | 00000nam##2200000za#4500 |
| 001 | 9.639928 |
| 003 | CaOODSP |
| 005 | 20210624222422 |
| 007 | cr ||||||||||| |
| 008 | 150407|1991||||xxc|||||o f|0| 0 fre|d |
| 040 | |aCaOODSP|bfre |
| 043 | |an-cn--- |
| 086 | 1 |aH42-2/51-1991F-PDF |
| 110 | 1 |aCanada.|bSanté et Bien-être social Canada. |bDirection générale de la protection de la santé. |
| 245 | 10|aTraitement des effets secondaires de la thérapeutique antirétrovirale : |h[ressource électronique]|brapport / |cpar Anita Rachlis. |
| 260 | |aOttawa - Ontario : |bSanté et Bien-être social Canada. |cOctobre 1991. |
| 300 | |a24p.|bfigure, références, tableau |
| 500 | |aLe nº de catalogue (H42-2/51-1991) et l'ISBN (0-662-58266-7) de l'édition imprimée bilingue ont été incorrectement copiés dans cette publication électronique. |
| 590 | |a12-17-Supp|b2012-04-20 |
| 691 | 07|aVirus|2gcpds |
| 691 | 07|aProtection de la santé|2gcpds |
| 720 | 1 |aRachlis, Anita |
| 775 | 08|tAnti-retroviral treatment : |w(CaOODSP)9.695831 |
| 776 | 0#|tAnti-retroviral treatment: side effect management / |w(CaOODSP)9.652881 |
| 776 | 0#|tTraitement des effets secondaires de la thérapeutique antirétrovirale / |w(CaOODSP)9.652882 |
| 856 | 40|ahttp://publications.gc.ca|qPDF|s89 Ko|uhttps://publications.gc.ca/collections/Collection/H42-2-51-1991F.pdf |